[Event "COL-ch sf"]
[Site "Palmira"]
[Date "2020.11.15"]
[Round "7"]
[White "Riscanevo, Camilo Andres"]
[Black "Quinones, Fernando"]
[Result "1-0"]
[WhiteElo "1721"]
[BlackElo "1695"]
[PlyCount "53"]
[EventDate "2020.11.12"]
[EventType "swiss"]
[EventRounds "8"]
[EventCountry "COL"]
[SourceTitle "CBM 199 Extra"]
[Source "ChessBase"]
[SourceDate "2021.01.31"]
[SourceVersion "1"]
[SourceVersionDate "2021.01.31"]
[SourceQuality "1"]

1. e4 e6 2. d4 d5 3. exd5 exd5 4. Nc3 Nf6 5. Bd3 c6 6. Bf4 Be7 7. Nf3 Bg4 8. 0-0 0-0 9. Be2 Bh5 10. Re1 Nbd7 11. Ne5 Bxe2 12. Rxe2 Bb4 13. Nb1 Ne4 14. c3 Be7 15. Nd2 Ndf6 16. h3 Nxd2 17. Qxd2 Ne4 18. Qd3 Re8 19. Nf3 a5 20. Nd2 Nf6 21. Rae1 Qd7 22. Bg5 h6 23. Bh4 Rab8 24. Bg3 Bd6 25. a4 Ne4 26. Bxd6 Qxd6 27. Nxe4 1-0

[Event "COL-ch U1800"]
[Site "Villamaria"]
[Date "2019.11.02"]
[Round "2"]
[White "Riscanevo, Camilo Andres"]
[Black "Sanchez Aragon, Michael Alejandro"]
[Result "1-0"]
[WhiteElo "1688"]
[BlackElo "1041"]
[PlyCount "83"]
[EventDate "2019.11.01"]
[EventType "swiss"]
[EventRounds "7"]
[EventCountry "COL"]
[SourceTitle "CBM 193 Extra"]
[Source "ChessBase"]
[SourceDate "2020.01.31"]
[SourceVersion "1"]
[SourceVersionDate "2020.01.31"]
[SourceQuality "1"]

1. e4 e5 2. Nf3 Nc6 3. Bc4 Bc5 4. c3 Nf6 5. d3 h6 6. 0-0 0-0 7. b4 Bb6 8. a4 a6 9. a5 Ba7 10. Be3 b6 11. axb6 Bxb6 12. Bxb6 cxb6 13. Nbd2 b5 14. Bxb5 Re8 15. Bxc6 dxc6 16. Nc4 Qc7 17. Qa4 Bd7 18. Qa5 Qxa5 19. Rxa5 Re6 20. Rxe5 Rd8 21. Ra1 Bc8 22. Rxe6 fxe6 23. Nfe5 Bb7 24. Kf1 Nd7 25. Nxd7 Rxd7 26. d4 Kf8 27. e5 Ke7 28. Nd6 Rxd6 29. exd6+ Kxd6 30. Ra5 g6 31. f4 Ke7 32. g4 Kf6 33. Kf2 g5 34. Kg3 Kg6 35. h4 gxf4+ 36. Kxf4 Kf7 37. Rh5 Kg6 38. Ke5 Bc8 39. Kd6 e5 40. Rxe5 Bxg4 41. Kxc6 Be2 42. Rxe2 1-0

[Event "COL-ch U16"]
[Site "Cali"]
[Date "2019.06.23"]
[Round "8.5"]
[White "Tobar Beltran, Jorge Esteban"]
[Black "Riscanevo, Camilo Andres"]
[Result "1-0"]
[WhiteElo "1683"]
[BlackElo "1671"]
[PlyCount "55"]
[EventDate "2019.06.19"]
[EventType "tourn"]
[EventRounds "9"]
[EventCountry "COL"]
[SourceTitle "CBM 191 Extra"]
[Source "ChessBase"]
[SourceDate "2019.09.30"]
[SourceVersion "1"]
[SourceVersionDate "2019.09.30"]
[SourceQuality "1"]

1. d4 g6 2. e4 Bg7 3. Nc3 d6 4. Bg5 Nd7 5. f4 c5 6. d5 Ngf6 7. Nf3 0-0 8. Be2 a6 9. a4 Qc7 10. 0-0 e6 11. dxe6 fxe6 12. h3 b6 13. Bc4 Nb8 14. f5 gxf5 15. Bf4 Ne8 16. exf5 Rxf5 17. Ng5 Bd4+ 18. Kh1 Ng7 19. Bd3 h6 20. Nge4 Bxc3 21. Nxc3 Rf7 22. Bxd6 Rxf1+ 23. Bxf1 Qf7 24. Bc4 Bb7 25. Qg4 Kh7 26. Rf1 Qg6 27. Bd3 Nf5 28. Rxf5 1-0

[Event "COL-ch U16"]
[Site "Cali"]
[Date "2019.06.21"]
[Round "5.3"]
[White "Riscanevo, Camilo Andres"]
[Black "Londono Lopez, Donaldo Eliuver"]
[Result "0-1"]
[WhiteElo "1671"]
[BlackElo "1896"]
[PlyCount "52"]
[EventDate "2019.06.19"]
[EventType "tourn"]
[EventRounds "9"]
[EventCountry "COL"]
[SourceTitle "CBM 191 Extra"]
[Source "ChessBase"]
[SourceDate "2019.09.30"]
[SourceVersion "1"]
[SourceVersionDate "2019.09.30"]
[SourceQuality "1"]

1. d4 Nf6 2. Bg5 g6 3. Bxf6 exf6 4. c4 f5 5. g3 Bg7 6. Nc3 0-0 7. e3 c5 8. Nge2 Nc6 9. Bg2 Qb6 10. d5 Ne5 11. b3 d6 12. 0-0 Ng4 13. Qc2 Bd7 14. a4 a6 15. a5 Qc7 16. Ra3 Rfe8 17. Nf4 Nf6 18. Nd3 Ne4 19. Bxe4 fxe4 20. Nb2 Re7 21. Nba4 Qxa5 22. Ra2 Qc7 23. Ne2 Bg4 24. Nf4 g5 25. Ng2 Rae8 26. Nc3 Qd7 0-1

[Event "COL pre olympic sf2"]
[Site "Palmira"]
[Date "2019.05.30"]
[Round "2"]
[White "Riscanevo, Camilo Andres"]
[Black "Otalora Pacheco, Carlos Eduardo"]
[Result "0-1"]
[WhiteElo "1625"]
[BlackElo "2183"]
[PlyCount "88"]
[EventDate "2019.05.29"]
[EventType "swiss"]
[EventRounds "10"]
[EventCountry "COL"]
[SourceTitle "CBM 190 Extra"]
[Source "ChessBase"]
[SourceDate "2019.07.15"]
[SourceVersion "1"]
[SourceVersionDate "2019.07.15"]
[SourceQuality "1"]

1. e4 e5 2. Nf3 Nc6 3. Bc4 Bc5 4. c3 Nf6 5. d3 a6 6. Bb3 0-0 7. h3 d6 8. Nbd2 Ba7 9. Nf1 Be6 10. Bc2 d5 11. Be3 Qd6 12. Bxa7 Rxa7 13. Ne3 Raa8 14. 0-0 Rad8 15. Ng5 Bc8 16. exd5 Nxd5 17. Ne4 Qg6 18. Nxd5 Rxd5 19. Qf3 Rfd8 20. Rad1 Bf5 21. Rfe1 Bxe4 22. dxe4 Rd2 23. Rxd2 Rxd2 24. Rd1 Qg5 25. Rxd2 Qxd2 26. Qd1 Qxd1+ 27. Bxd1 Kf8 28. Kf1 Ke7 29. Ke2 Kd6 30. Kd3 b5 31. Bb3 f6 32. Bg8 h6 33. b4 Ne7 34. Bf7 c5 35. a3 Kc6 36. Be6 Kb6 37. g3 a5 38. Bd5 Nc8 39. f4 Nd6 40. fxe5 fxe5 41. h4 Ne8 42. Ke3 Nc7 43. Kd3 Na6 44. bxc5+ Nxc5+ 0-1

[Event "COL pre olympic sf2"]
[Site "Palmira"]
[Date "2019.05.29"]
[Round "1"]
[White "Zapata Cuartas, Juan Carlos"]
[Black "Riscanevo, Camilo Andres"]
[Result "1-0"]
[WhiteElo "2140"]
[BlackElo "1625"]
[PlyCount "53"]
[EventDate "2019.05.29"]
[EventType "swiss"]
[EventRounds "10"]
[EventCountry "COL"]
[SourceTitle "CBM 190 Extra"]
[Source "ChessBase"]
[SourceDate "2019.07.15"]
[SourceVersion "1"]
[SourceVersionDate "2019.07.15"]
[SourceQuality "1"]

1. d4 Nf6 2. c4 g6 3. Nc3 d5 4. cxd5 Nxd5 5. e4 Nxc3 6. bxc3 Bg7 7. Nf3 0-0 8. Rb1 c6 9. Be2 Qc7 10. 0-0 Nd7 11. Be3 Rd8 12. Qc2 Nf6 13. h3 b6 14. Rfd1 h6 15. c4 Be6 16. Bd3 Rac8 17. Qd2 Kh7 18. Rbc1 Qb7 19. e5 Ne8 20. Nh4 Qd7 21. f4 Nc7 22. Qf2 Bf5 23. Nxf5 gxf5 24. g4 Kh8 25. Bxf5 e6 26. Bb1 c5 27. Qc2 1-0

[Event "COL-ch sf3 U16"]
[Site "Moniquira"]
[Date "2019.05.23"]
[Round "1.10"]
[White "Pedraza Aldana, Alexandra"]
[Black "Riscanevo, Camilo Andres"]
[Result "0-1"]
[WhiteElo "1563"]
[BlackElo "1625"]
[PlyCount "54"]
[EventDate "2019.05.23"]
[EventType "swiss"]
[EventRounds "6"]
[EventCountry "COL"]
[SourceTitle "EXT 2024"]
[Source "ChessBase"]
[SourceDate "2023.10.10"]
[SourceVersion "1"]
[SourceVersionDate "2023.10.10"]
[SourceQuality "1"]

1. e4 c5 2. Nf3 d6 3. d4 cxd4 4. Nxd4 Nf6 5. Nc3 g6 6. Bg5 Bg7 7. f4 0-0 8. h3 Qb6 9. Qd3 Nxe4 10. Qxe4 Qxd4 11. Qxd4 Bxd4 12. Nd5 Nc6 13. c3 Bg7 14. Bb5 f6 15. Bh4 Kf7 16. Bc4 e6 17. Nc7 Rb8 18. 0-0-0 d5 19. Bb3 Na5 20. Ba4 a6 21. Bf2 b5 22. Bc2 Rd8 23. Be4 Bb7 24. Ba7 Rbc8 25. Bb6 Nc4 26. Nxd5 Rd6 27. Bc7 Rd7 0-1

[Event "COL-ch U2000"]
[Site "Pereira"]
[Date "2019.03.24"]
[Round "6"]
[White "Vanegas Henao, Ricardo Javier"]
[Black "Riscanevo, Camilo Andres"]
[Result "1-0"]
[WhiteElo "1818"]
[BlackElo "1537"]
[PlyCount "67"]
[EventDate "2019.03.21"]
[EventType "swiss"]
[EventRounds "9"]
[EventCountry "COL"]
[SourceTitle "CBM 189 Extra"]
[Source "ChessBase"]
[SourceDate "2019.05.31"]
[SourceVersion "1"]
[SourceVersionDate "2019.05.31"]
[SourceQuality "1"]

1. e4 c5 2. Nf3 d6 3. d4 cxd4 4. Nxd4 Nf6 5. Nc3 g6 6. Bg5 Bg7 7. Bb5+ Bd7 8. Qe2 0-0 9. 0-0 a6 10. Bd3 Nc6 11. Nf3 Bg4 12. Qe3 Bxf3 13. gxf3 Qd7 14. Rfc1 Ne5 15. Bf1 h6 16. Bxf6 Bxf6 17. Nd5 Qc6 18. Nxf6+ exf6 19. c4 Qc5 20. Qe2 Rac8 21. Rc3 Nc6 22. Rd1 Rfd8 23. Rd5 Qb6 24. Qd2 Ne7 25. Rdd3 Kg7 26. b3 f5 27. Rc1 Rc7 28. Rd1 Rcd7 29. Qc3+ f6 30. c5 Qc6 31. cxd6 Rxd6 32. Qxc6 Rxd3 33. Qxb7 R8d7 34. Qxd7 1-0

[Event "COL-ch U2000"]
[Site "Pereira"]
[Date "2019.03.23"]
[Round "4"]
[White "Torres Benitez, Fabio Ignacio"]
[Black "Riscanevo, Camilo Andres"]
[Result "1-0"]
[WhiteElo "1805"]
[BlackElo "1537"]
[PlyCount "31"]
[EventDate "2019.03.21"]
[EventType "swiss"]
[EventRounds "9"]
[EventCountry "COL"]
[SourceTitle "CBM 189 Extra"]
[Source "ChessBase"]
[SourceDate "2019.05.31"]
[SourceVersion "1"]
[SourceVersionDate "2019.05.31"]
[SourceQuality "1"]

1. e4 c5 2. g3 b6 3. Bg2 Bb7 4. Ne2 Nf6 5. f3 g6 6. 0-0 Bg7 7. c3 d6 8. d4 0-0 9. Be3 e6 10. Na3 Qe7 11. Qd2 Nc6 12. Bg5 Rad8 13. f4 Qc7 14. Qe3 Ne7 15. Nc2 h6 16. Bh4 1-0